000
00341nam a2200133Ia 4500
008
240624s9999 xx 000 0 und d
041
_a
eng
082
_a
658.4038011 MCM
100
_a
MCMANUS JOHN
245
_a
INFORMATION SYSTEMS PROJECT MANAGEMENT M
260
_c
2004
_a
New Delhi
_b
Pearson Education
300
_a
xvi, : 294
365
_c
RS
999
_c
1623
_d
1623